<?xml version="1.0" encoding="UTF-8"?>
<marc:record xmlns:marc="http://www.loc.gov/MARC21/slim">
   <marc:leader>00000nam a2200000 a 4500</marc:leader>
   <marc:datafield ind1="1" ind2=" " tag="100">
      <marc:subfield code="a">Neydim, Necdet</marc:subfield>
      <marc:subfield code="4">aut</marc:subfield>
      <marc:subfield code="e">Verfasser/-in</marc:subfield>
   </marc:datafield>
   <marc:datafield ind1=" " ind2=" " tag="653">
      <marc:subfield code="a">türkisch/deutsch</marc:subfield>
   </marc:datafield>
   <marc:datafield ind1="0" ind2="0" tag="245">
      <marc:subfield code="a">Elli Altin Eden Hükümdar &#x96; Der Wert der Majestät</marc:subfield>
   </marc:datafield>
   <marc:datafield ind1="0" ind2="0" tag="245">
      <marc:subfield code="c">Necdet Neydim</marc:subfield>
   </marc:datafield>
   <marc:datafield ind1=" " ind2="1" tag="264">
      <marc:subfield code="a">Hückelhoven</marc:subfield>
      <marc:subfield code="b">Anadolu Verl.</marc:subfield>
      <marc:subfield code="c">2005</marc:subfield>
   </marc:datafield>
   <marc:datafield ind1="1" ind2=" " tag="490">
      <marc:subfield code="a">Yunus ve/und Nasreddine</marc:subfield>
      <marc:subfield code="v">1</marc:subfield>
   </marc:datafield>
   <marc:datafield ind1="1" ind2=" " tag="520">
      <marc:subfield code="a">Großvater schenkt Yunus eine Kuckucksuhr. Die magische Kuckucksuhr hilft Yunus, seine Probleme zu lösen, indem sie ihn mitnimmt in die Vergangenheit und ihm Lösungsmöglichkeiten für die Gegenwart aufzeigt. Die Erlebnisse des Nasreddin Hoca ähneln denen von Yunus so stark, dass der Junge seinen Verstand nutzt und selbst Lösungen findet. Wie schafft er das? Natürlich mit eurer Hilfe.</marc:subfield>
   </marc:datafield>
   <marc:datafield ind1=" " ind2=" " tag="020">
      <marc:subfield code="a">9783710017537</marc:subfield>
      <marc:subfield code="9">9783710017537</marc:subfield>
   </marc:datafield>
   <marc:datafield ind1=" " ind2=" " tag="020">
      <marc:subfield code="a">371001753X</marc:subfield>
      <marc:subfield code="9">371001753X</marc:subfield>
   </marc:datafield>
   <marc:datafield ind1=" " ind2=" " tag="300">
      <marc:subfield code="a">42 S. : Ill.</marc:subfield>
   </marc:datafield>
</marc:record>
